| 000 | 00663nam a22002057a 4500 | ||
|---|---|---|---|
| 999 |
_c10165 _d10165 |
||
| 003 | AR-CdUCM | ||
| 008 | 190329b ||||| |||| 00| 0 spa d | ||
| 040 |
_aMUNICIPALIDAD PROVINCIAL DEL CUSCO _cBIBLIOTECA MUNICIPAL DEL CUSCO |
||
| 041 | _hfre | ||
| 082 |
_a435 / _bP74 / 1902 |
||
| 100 |
_aPoiry, I. _926863 |
||
| 245 | _aMéthode directe et intutive de la langue allemande pour les écoles / | ||
| 260 |
_aBruxelles : _bLebégue & C°, _c1902. |
||
| 300 |
_a448 paginas ; _bIlustraciones, _c22 cm. |
||
| 505 | _aContenido :Gramática Francesa | ||
| 650 |
_aGramática Francesa _916266 |
||
| 650 |
_aLenguaje _93528 |
||
| 942 |
_2ddc _cLIBROS |
||
| 945 | _awnts | ||